000 00531nam a22001577a 4500
005 20231215161015.0
008 231215b |||||||| |||| 00| 0 eng d
020 _a978-1-84390-984-2
082 _a657.076
_bCAT
245 _aCAT : Association of Chartered Certified Accountants:
_bPaper 1 (UK & INT),. Recording financial transactions
_cKaplan Publishers
260 _aPakistan
_bKaplan Financial Limited
_c2009
300 _a198
500 _aMock Exam Questions and Answers (International)
650 _aAccounting
999 _c34935
_d34935